Terima kasih, Nasya ! (Record no. 114734)

MARC details
000 -LEADER
fixed length control field 00754nam a2200265 i 4500
001 - CONTROL NUMBER
control field C2-0312968
003 - CONTROL NUMBER IDENTIFIER
control field PPAK
005 - DATE AND TIME OF LATEST TRANSACTION
control field 20180728104555.0
008 - FIXED-LENGTH DATA ELEMENTS--GENERAL INFORMATION
fixed length control field 111030s2011 my a|||| ||||| | may d
020 ## - INTERNATIONAL STANDARD BOOK NUMBER
International Standard Book Number 9789673820085
040 ## - CATALOGING SOURCE
Original cataloging agency PPAK
Language of cataloging eng
Transcribing agency PPAK
Description conventions rda
082 04 - DEWEY DECIMAL CLASSIFICATION NUMBER
Classification number 899.233
Edition number 23
090 00 - LOCALLY ASSIGNED LC-TYPE CALL NUMBER (OCLC); LOCAL CALL NUMBER (RLIN)
Classification number (OCLC) (R) ; Classification number, CALL (RLIN) (NR) 899.233
Feature heading JAM
Feature heading K
100 0# - MAIN ENTRY--PERSONAL NAME
Personal name Jamilah Haji Bujang,
Relator term author
245 10 - TITLE STATEMENT
Title Terima kasih, Nasya !
264 #1 - PRODUCTION, PUBLICATION, DISTRIBUTION, MANUFACTURE, AND COPYRIGHT NOTICE
Place of production, publication, distribution, manufacture Kuala Lumpur :
Name of producer, publisher, distributor, manufacturer Brainmax Enterprise ,
Date of production, publication, distribution, manufacture, or copyright notice 2011
300 ## - PHYSICAL DESCRIPTION
Extent 32 pages :
Other physical details colour illustrations ;
Dimensions 25 cm
336 ## - CONTENT TYPE
Source rdacontent
Content type term text
337 ## - MEDIA TYPE
Source rdamedia
Media type term unmediated
338 ## - CARRIER TYPE
Source rdacarrier
Carrier type term volume
490 1# - SERIES STATEMENT
Series statement Siri permata pintar
650 10 - SUBJECT ADDED ENTRY--TOPICAL TERM
Topical term or geographic name entry element Children's stories, Malay.
830 #0 - SERIES ADDED ENTRY--UNIFORM TITLE
Uniform title Siri permata pintar
942 ## - ADDED ENTRY ELEMENTS (KOHA)
-- dc
Koha item type Book
Holdings
Withdrawn Not for loan Current library Shelving location Date acquired Total Checkouts Full call number Barcode Date last seen Date last checked out Koha item type
    Perpustakaan Alor Setar Pinjaman Kanak-kanak 10/11/2011 1 K 899.233 JAM A01328243 25/05/2025 20/05/2025 Book
    Perpustakaan Alor Setar Pinjaman Kanak-kanak 10/11/2011 1 K 899.233 JAM A01328244 29/12/2022 22/12/2022 Book
    Perpustakaan Awam Sungai Petani Pinjaman Kanak-kanak 10/11/2011   K 899.233 JAM A01328245 18/07/2018   Book
    Perpustakaan Baling Pinjaman Kanak-kanak 11/10/2012   K 899.233 JAM A01387866 09/05/2018   Book
    Perpustakaan Jitra Pinjaman Kanak-kanak 10/11/2011 1 K 899.233 JAM A01328246 15/06/2024 12/06/2024 Book
    Perpustakaan Kulim Pinjaman Kanak-kanak 10/11/2011 2 K 899.233 JAM A01328247 30/11/2025 02/11/2025 Book
    Perpustakaan Merbok Pinjaman Kanak-kanak 11/10/2012   K 899.233 JAM A01387867 09/05/2018   Book